000 00308 a2200157 4500
001 170229
020 _a
040 _cMagnum
100 _aCarr, Stella
240 1 0 _aSegure o grito !
_lpor
245 1 0 _aSegure o grito !
362 0 _a1899
440 1 _aScipione
697 _aIJ/FICCAO
942 _cBK
999 _c170229
_d170229